MEDICINAL CHEMISTRY (Record no. 34481)

MARC details
000 -LEADER
fixed length control field 00305nam a22001457a 4500
003 - CONTROL NUMBER IDENTIFIER
control field SGT
020 ## - INTERNATIONAL STANDARD BOOK NUMBER
International Standard Book Number 9788122479317
082 ## - DEWEY DECIMAL CLASSIFICATION NUMBER
Classification number 615.19
Item number KAR
100 ## - MAIN ENTRY--PERSONAL NAME
Personal name KAR ASHUTOSH
245 ## - TITLE STATEMENT
Title MEDICINAL CHEMISTRY
250 ## - EDITION STATEMENT
Edition statement 8TH
260 ## - PUBLICATION, DISTRIBUTION, ETC. (IMPRINT)
Place of publication, distribution, etc INDIA
Name of publisher, distributor, etc NEW AGE PUB
Year of Publication 2025
300 ## - PAGE DESCRIPTION
No. of Pages 966
942 ## - ADDED ENTRY ELEMENTS (KOHA)
Source of classification or shelving scheme Dewey Decimal Classification
Koha item type Books
Holdings
Withdrawn status Lost status Source of classification or shelving scheme Damaged status Not for loan Collection code Home library Current library Shelving location Date acquired Vendor Name Cost, normal purchase price SGTU Bill Number Total Checkouts Full call number Accession No. (Barcode) Date last seen Bill Date Koha item type
    Dewey Decimal Classification     SCIENCE SGT Science & Social Sciences Library SGT Science & Social Sciences Library Text Book 26/03/2026 ABC 875.00 SGTU 22597   615.19 KAR DP2003 26/03/2026 09/03/2026 Books
    Dewey Decimal Classification     SCIENCE SGT Science & Social Sciences Library SGT Science & Social Sciences Library Text Book 26/03/2026 ABC 875.00 SGTU 22597   615.19 KAR DP2004 26/03/2026 09/03/2026 Books